[Event "Santa Maria op 4th"]
[Site "Santa Maria de Jetiba"]
[Date "2023.11.25"]
[Round "3"]
[White "Ferreira, Cladimir Nunes"]
[Black "Teixeira, Weslley Huwe"]
[Result "0-1"]
[WhiteElo "1672"]
[BlackElo "1375"]
[PlyCount "70"]
[EventDate "2023.11.24"]
[EventType "swiss"]
[EventRounds "6"]
[EventCountry "BRA"]
[SourceTitle "CBM 217 Extra"]
[Source "ChessBase"]
[SourceDate "2024.01.31"]
[SourceVersion "1"]
[SourceVersionDate "2024.01.31"]
[SourceQuality "1"]

1. Nf3 Nf6 2. d3 g6 3. g3 Bg7 4. e4 d6 5. Bg2 0-0 6. 0-0 e5 7. Be3 c6 8. Nc3 a5 9. h3 Na6 10. a3 Nc7 11. Qd2 Ne6 12. Rad1 Nh5 13. Kh2 f5 14. exf5 gxf5 15. Bh6 Qf6 16. Bxg7 Qxg7 17. Ne2 f4 18. c3 Kh8 19. g4 Rg8 20. Rg1 Nf6 21. Nh4 Ng5 22. Nxf4 exf4 23. Qxf4 Qh6 24. Nf5 Bxf5 25. gxf5 Nd5 26. Qd4+ Qf6 27. Qxf6+ Nxf6 28. f4 Nf7 29. Rde1 Rae8 30. Re6 Nh5 31. Rge1 Rxg2+ 32. Kh1 Reg8 33. Re8 Nxf4 34. Rxg8+ Kxg8 35. f6 Ne5 0-1

[Event "Santa Maria op 4th"]
[Site "Santa Maria de Jetiba"]
[Date "2023.11.24"]
[Round "2"]
[White "Teixeira, Weslley Huwe"]
[Black "Domingues, Michel Da Cruz"]
[Result "1/2-1/2"]
[WhiteElo "1375"]
[BlackElo "1712"]
[PlyCount "112"]
[EventDate "2023.11.24"]
[EventType "swiss"]
[EventRounds "6"]
[EventCountry "BRA"]
[SourceTitle "CBM 217 Extra"]
[Source "ChessBase"]
[SourceDate "2024.01.31"]
[SourceVersion "1"]
[SourceVersionDate "2024.01.31"]
[SourceQuality "1"]

1. e4 c6 2. c4 d5 3. exd5 cxd5 4. cxd5 Qxd5 5. Nc3 Qd8 6. Nf3 Nc6 7. d4 Bg4 8. d5 Bxf3 9. Qxf3 Ne5 10. Bb5+ Nd7 11. 0-0 a6 12. Bd3 Ne5 13. Qe4 Nxd3 14. Qxd3 Nf6 15. Re1 Qd6 16. Ne4 Nxe4 17. Qxe4 Rd8 18. Rd1 e5 19. Be3 f6 20. Rac1 Kf7 21. Bc5 Qd7 22. d6 Rc8 23. Qd5+ Ke8 24. b4 Rc6 25. a4 b6 26. Be3 Rxd6 27. Qa8+ Kf7 28. Rxd6 Qxd6 29. Qa7+ Be7 30. h3 Rb8 31. Qxa6 Qxb4 32. Rc7 Qd6 33. Qa7 Re8 34. Bxb6 Ke6 35. a5 e4 36. Bc5 Qd1+ 37. Kh2 Bxc5 38. Qxc5 Qd6+ 39. Qxd6+ Kxd6 40. Rxg7 Ra8 41. Rxh7 Rxa5 42. h4 Ke6 43. Kg3 Ra2 44. h5 Kf5 45. Rg7 Ra3+ 46. Kh4 Ra1 47. Kg3 Ra4 48. Kh3 Ra1 49. Kh4 Ra4 50. g4+ Kf4 51. h6 Ra5 52. Rg6 Ra7 53. g5 fxg5+ 54. Rxg5 Ra1 55. Rg3 Ra5 56. h7 Ra8 1/2-1/2

[Event "Santa Maria op 3rd"]
[Site "Santa Maria de Jetiba"]
[Date "2023.04.21"]
[Round "2"]
[White "Pavao, Alice Lara Biasi"]
[Black "Teixeira, Weslley Huwe"]
[Result "1/2-1/2"]
[WhiteElo "1443"]
[BlackElo "1800"]
[PlyCount "88"]
[EventDate "2023.04.21"]
[EventType "swiss"]
[EventRounds "7"]
[EventCountry "BRA"]
[SourceTitle "EXT 2024"]
[Source "ChessBase"]
[SourceDate "2023.10.10"]
[SourceVersion "1"]
[SourceVersionDate "2023.10.10"]
[SourceQuality "1"]

1. c4 Nf6 2. g3 g6 3. Bg2 Bg7 4. Nc3 0-0 5. e3 d6 6. Nge2 Nbd7 7. 0-0 e5 8. d4 exd4 9. exd4 Re8 10. Re1 c6 11. Qc2 Nb6 12. b3 d5 13. c5 Nbd7 14. Bd2 Nf8 15. Qc1 Bf5 16. Bh6 Ne4 17. Bxg7 Kxg7 18. Nxe4 Bxe4 19. Qc3 Bxg2 20. Kxg2 Nd7 21. a4 Nf6 22. f3 h5 23. Nc1 Qd7 24. Nd3 Rh8 25. h3 h4 26. g4 Qc7 27. Ne5 Nd7 28. f4 f6 29. Nxd7 Qxd7 30. Re3 Rae8 31. Rae1 Rxe3 32. Qxe3 Kf7 33. Qf3 Re8 34. Re3 Rxe3 35. Qxe3 Qe6 36. Kf3 Qxe3+ 37. Kxe3 Ke6 38. Kd3 g5 39. fxg5 fxg5 40. Kc3 Kd7 41. b4 b6 42. b5 cxb5 43. axb5 Kc7 44. Kb4 Kd7 1/2-1/2